| 000 | 00815nam a2200241 a 4500 | ||
|---|---|---|---|
| 001 | BRCA_6934 | ||
| 005 | 20190320205640.0 | ||
| 008 | 171111s1948----u--#######---#000-0#eng-# | ||
| 041 | _aeng | ||
| 044 | _au | ||
| 050 | 4 |
_aPN6081 _b.B37 1948 |
|
| 245 | 1 | 0 |
_aFamiliar quotations _ba collection of pasages, phrases and proverbs, traced to their sources in ancient and modern literature _cby John Bartlett ; Christopher Morley editor ; Lovella D. Everett associate editor. |
| 250 | _a12 | ||
| 260 |
_aBoston _bLittle, Brown _c1948 |
||
| 300 |
_axlii, 1831 p. _c25 cm. |
||
| 500 | _aEstado fĂsico: camisa rota | ||
| 500 | _aO157 | ||
| 650 | 1 | 4 |
_aCitas Literarias _917283 |
| 710 | 2 |
_aMorley, Christopher Dalington _eed. _917284 |
|
| 710 | 2 |
_aEverett, Lovella D. _ecoed. _917285 |
|
| 902 | _aGFM | ||
| 942 |
_2lcc _cB |
||
| 999 |
_c6616 _d6616 |
||